Normal view MARC view

Entry Nombre de reunión

Number of records used in: 2

001 - NÚMERO DE CONTROL

  • campo de control: 162727

003 - IDENTIFICADOR DE NÚMERO DE CONTROL

  • campo de control: OSt

005 - FECHA Y HORA DE LA ÚLTIMA TRANSACCIÓN

  • campo de control: 20230222193209.0

008 - ELEMENTOS DE DATO DE LONGITUD-FIJA

  • campo de control de longitud fija: 170518 b azzaaaaaa a aaa d

040 ## - FUENTE DE CATALOGACIÓN

  • Centro catalogador/agencia de origen: OSt
  • Centro/agencia transcriptor: OSt

111 2# - ENCABEZAMIENTO--NOMBRE DE CONGRESO/REUNIÓN

  • Nombre de congreso/reunión o jurisdicción como elemento de entrada: Congreso Juridico (
  • Fecha del congreso o de la firma del tratado: 1889.
  • Sede del congreso/Lugar de la reunión: Lisboa)

411 24 - TRAZADO DE VÉASE--NOMBRE DE CONGRESO/REUNIÓN

  • Nombre de congreso/reunión o jurisdicción como elemento de entrada: Congreso jurídico Ibero-Americano.
  • Fecha del congreso o de la firma del tratado: 1889.
  • Sede del congreso/Lugar de la reunión: Lisboa)